Music Quiz

Random Music or Bands Quiz

Three-Word Bands Slot Machine II Quiz Stats

 Plays Quiz Updated Aug 22, 2013

Challenge
Share
Tweet
Score 0/66 Timer 04:00
7 Plays Today
% Correct
Guns N' Roses
96.9%
Guns N' Roses
96.9%
Guns N' Roses
96.9%
Nine Inch Nails
93.2%
Nine Inch Nails
93.2%
Nine Inch Nails
93.2%
Kings Of Leon
92.1%
Kings Of Leon
92.1%
Kings Of Leon
92.1%
Alice In Chains
90.3%
Alice In Chains
90.2%
Alice In Chains
90.2%
My Chemical Romance
90%
My Chemical Romance
90%
My Chemical Romance
90%
Black Eyed Peas
90%
Black Eyed Peas
90%
Black Eyed Peas
90%
Creedence Clearwater Revival
89.6%
Creedence Clearwater Revival
89.6%
Creedence Clearwater Revival
89.6%
Blue Öyster Cult
86.8%
Blue Öyster Cult
86.8%
Blue Öyster Cult
86.8%
Pet Shop Boys
86%
Pet Shop Boys
86%
Pet Shop Boys
86%
Tears For Fears
85.8%
Tears For Fears
85.8%
Tears For Fears
85.8%
Ace Of Base
85.3%
Ace Of Base
85.3%
Ace Of Base
85.3%
% Correct
Third Eye Blind
85%
Third Eye Blind
85%
Third Eye Blind
85%
Bow Wow Wow
84.9%
Bow Wow Wow
84.9%
Bow Wow Wow
84.9%
Crash Test Dummies
84.8%
Crash Test Dummies
84.8%
Crash Test Dummies
84.8%
My Bloody Valentine
84.3%
My Bloody Valentine
84.3%
My Bloody Valentine
84.3%
Stone Temple Pilots
83.8%
Stone Temple Pilots
83.8%
Stone Temple Pilots
83.8%
Fall Out Boy
79%
Fall Out Boy
79%
Fall Out Boy
79%
Dexys Midnight Runners
76.3%
Dexys Midnight Runners
76.3%
Dexys Midnight Runners
76.3%
Three Dog Night
75.7%
Three Dog Night
75.7%
Three Dog Night
75.7%
Faith No More
71.9%
Faith No More
71.9%
Faith No More
71.9%
Naughty By Nature
71.9%
Naughty By Nature
71.9%
Naughty By Nature
71.9%
Neutral Milk Hotel
63.4%
Neutral Milk Hotel
63.4%
Neutral Milk Hotel
63.4%

You're not logged in!

Compare scores with friends on all Sporcle quizzes.
OR
Log In

You Might Also Like...

Show Comments

Extras

Top Quizzes Today


Score Distribution

Your Account Isn't Verified!

In order to create a playlist on Sporcle, you need to verify the email address you used during registration. Go to your Sporcle Settings to finish the process.

Report this User

Report this user for behavior that violates our Community Guidelines.

Details: